00565nam a2200181Ia 4500008004100000020001500041041001200056082001600068100001400084245004400098250000800142260002500150300000800175650000700183942000700190999001500197952017100212221030s9999 xx 000 0 und d a8120309685 aEnglish a105.23bKuo aB. C. Kuo 0aAutomatic Control Systemscby B. C. Kuo a7th bPHIaNew Delhic2004 a897 aEE cBK c3932d3932 pBE 8262g325.00l0o105.23 Kuor2024-06-13 00:00:00w2022-10-30yBK003Print4070aMIETLIBbMIETLIBcBL-Academic Block A, FL-1, CUP-32, SH-6, R-6d2006-10-2610HBE